Risk factors for adolescent violence - The importance of vulnerability

Gespeichert in:  
Bibliographische Detailangaben
VerfasserInnen: Kingery, Paul M. (Verfasst von) ; McCoy-Simandle, Lynn (Verfasst von) ; Clayton, Richard (Verfasst von)
Medienart: Druck Aufsatz
Sprache:Englisch
Veröffentlicht: 1997
In: School psychology international
Jahr: 1997, Band: 18, Heft: 1, Seiten: 49-60
Verfügbarkeit prüfen: HBZ Gateway
Schlagwörter:

MARC

LEADER 00000caa a22000002c 4500
001 1639155759
003 DE-627
005 20220608124238.0
007 tu
008 160223s1997 xx ||||| 00| ||eng c
035 |a (DE-627)1639155759 
035 |a (DE-576)455784701 
035 |a (DE-599)BSZ455784701 
040 |a DE-627  |b ger  |c DE-627  |e rakwb 
041 |a eng 
100 1 |a Kingery, Paul M.  |4 aut 
245 1 0 |a Risk factors for adolescent violence - The importance of vulnerability  |c Paul M. Kingery, Lynn McCoy-Simandle, Richard Clayton 
264 1 |c 1997 
336 |a Text  |b txt  |2 rdacontent 
337 |a ohne Hilfsmittel zu benutzen  |b n  |2 rdamedia 
338 |a Band  |b nc  |2 rdacarrier 
700 1 |a McCoy-Simandle, Lynn  |4 aut 
700 1 |a Clayton, Richard  |4 aut 
773 0 8 |i In  |t School psychology international  |d London [u.a.] : Sage, 1979  |g 18(1997), 1, Seite 49-60  |w (DE-627)16656933X  |w (DE-600)224962-5  |w (DE-576)015046702  |x 0143-0343  |7 nnas 
773 1 8 |g volume:18  |g year:1997  |g number:1  |g pages:49-60 
935 |a mkri 
951 |a AR 
ELC |b 1 
LOK |0 000 xxxxxcx a22 zn 4500 
LOK |0 001 3299466240 
LOK |0 003 DE-627 
LOK |0 004 1639155759 
LOK |0 005 20160223094710 
LOK |0 008 160208||||||||||||||||ger||||||| 
LOK |0 040   |a DE-21-110  |c DE-627  |d DE-21-110 
LOK |0 689   |a s  |a Gewalt 
LOK |0 689   |a s  |a Heranwachsende 
LOK |0 852   |z Kein Bestand am IfK; Nachweis für KrimDok 
LOK |0 852   |a DE-21-110 
LOK |0 852 1  |m v  |9 00 
LOK |0 935   |a k110 
LOK |0 938   |k v 
LOK |0 939   |a 08-02-16  |b l01 
ORI |a SA-MARC-krimdoka001.raw